| 000 | 00397nam a2200145Ia 4500 | ||
|---|---|---|---|
| 008 | 210210b1971 xxu||||| |||| 00| 0 eng d | ||
| 082 | _a736.5 SWAT | ||
| 100 | _aSWAMY (Padmashri S N). | ||
| 245 | _atemple sculptures of India. | ||
| 260 |
_aBangalore. _bMysore State lalitha kala Academy., _c1971 |
||
| 300 | _a70 | ||
| 650 | _aTemple Sculptures India | ||
| 690 | _aSculptur | ||
| 906 | _a04280 | ||
| 999 |
_c92415 _d92415 |
||